00369nam a22001217a 450000500170000002000220001703500130003903700130005210000190006524500920008426000460017630000250022220120417145121.0 a8121000475c00.00 aA-613105 aDPLbENG aPaul, Madan C. aDowry and position of women in India :bA study of Delhi metropolis /cby Madan C. Paul aNew DelhibInter-India Publicationsc1986 axiii, 211p.c18 cms.